000 00536nam a2200229 a 4500
001 nice12345678
003 IN_TiNIC
005 20260116011323.0
008 050524s1881 cala grp 000 0 eng
020 _a
_c100
082 0 0 _a297.09
_bSUY
100 _aAs Suyuti, Jalaluddin
245 _aHistory of the Caliph`s
260 _aCalcutta
_bCrown Press
_c1881
300 _a562p.
500 _aincludes index and biblioraphy
505 2 _aIndex
650 _aIslam-History
902 _bRBA
942 _cBK
999 _c481
_d481